| 000 | 01016nam a22002657a 4500 | ||
|---|---|---|---|
| 005 | 20170123162336.0 | ||
| 010 | _aB-133826 | ||
| 020 |
_c50.00 _a8123742703 |
||
| 035 | _aB-133826 | ||
| 037 | _bCen Lib/Ret | ||
| 040 |
_aDPL _bUR |
||
| 082 |
_a921 _bے و س |
||
| 100 |
_aمدھو ناڈوتے _9124159 |
||
| 245 |
_aیوسف مہر الی : _cمدھو ناڈوتے ؛ مرتجم نند کشور وکرم _bنے افق کی کھوج / |
||
| 246 |
_aYusuf Mahr Ali : naye afaq ki khoj / _bby Madhav Nodte ; trsanlated by Nand Kishor Vikram |
||
| 260 |
_aنیی دہلی _bنیشنل بک ترسست انڈیا _c2004 |
||
| 270 |
_bنیی دہلی _aA-5، گرین پارک _e110016 |
||
| 300 |
_a143p. _c21cm(Hb) |
||
| 650 |
_aادب -- اردو _9124160 |
||
| 650 |
_aاردو سوانے عمری-- یوسف مہر الی _9124161 |
||
| 650 |
_aLiterature -- urdu _9124162 |
||
| 650 |
_aurdu biography _9511 |
||
| 700 |
_a نند کشور وکرم _9124163 |
||
| 942 |
_2ddc _cUR _hک _mے و س |
||
| 999 |
_c108146 _d108146 |
||